|
|
|
|
| LEADER |
00000nam a22000007a 4500 |
| 005 |
20210225214035.0 |
| 007 |
cr|||| |||| |
| 008 |
210225s2017 us |||||s|||| 00||0 eng d |
| 020 |
|
|
|a 9781641050388
|
| 035 |
|
|
|a 31361
|
| 040 |
|
|
|a vLex
|
| 090 |
|
|
|c 11281
|d 11281
|
| 100 |
1 |
|
|a Box, John P. Jr.
|
| 245 |
1 |
3 |
|a The millennial lawyer
|h [Recurso electrn̤ico] /
|c Jr., John P. Box
|
| 256 |
|
|
|a Servicio en ln̕ea
|
| 260 |
|
|
|a Chicago:
|b American Bar Association,
|c 2017
|
| 300 |
|
|
|a 1 recurso electrn̤ico
|
| 506 |
1 |
|
|a Disponible solo en los productos indicados
|d vLex Global
|d vLex Global (Academic Edition, excluding Law Schools)
|d vLex Global (Academic Edition, Law Schools)
|
| 650 |
0 |
4 |
|a Abogados
|z Estados Unidos
|
| 740 |
0 |
|
|a vLex Libros (Servicio en ln̕ea)
|
| 856 |
4 |
0 |
|u http://vlex.com/source/millennial-lawyer-31361
|z Acceso restringido
|
| 942 |
|
|
|c BOOK
|
| 999 |
0 |
|
|a Lawyers
|